000
00283nam a22001337a 4500
003
SGT
082
_a
616.89
_b
M18H
100
_a
HAIR, JOSEPH F.
245
_a
MULTIVARIATE DATA ANALYSIS
250
_a
7TH
260
_a
INDIA
_b
PERSON
_c
2018
300
_a
734
942
_2
ddc
_c
BK
_0
1
999
_c
15064
_d
15064